| 000 | 00357nam a22001097a 4500 | ||
|---|---|---|---|
| 008 | 230626b xxu||||| |||| 00| 0 eng d | ||
| 082 |
_a328.33 _bIPU 1994 |
||
| 245 |
_aPlan of Action _bTo Correct Present Imbalances in the Participation of Men and Women in Political Life |
||
| 260 |
_aGeneva _bInter-Parliamentary Union _c1994 |
||
| 300 | _a33p | ||
| 942 |
_2ddc _cBK |
||
| 999 |
_c2638 _d2638 |
||